000 01259cad a22002055a 4500
001 L150155
008 100608s2010 xxk f 000 0 eng d
035 _a(Sirsi) u150155
041 0 _aeng
050 0 4 _a333.332091 $2 18
110 2 _aInternational Valuation Standards Council
_95828
245 0 0 _aExposure draft
_bproposed new International Valuation Standards June 2010
_h[electronic resource]
260 _aLondon
_bIVSC
_c2010
520 _aThis exposure draft for the forthcoming 9th edition of the "International Valuation Standards" (IVS) planned for publication in January 2011 invites comments during a three-month public consultation period ending on 3 September 2010. IVS covers valuations for most types of asset, including for the first time a proposed standard for financial instruments and also reflects current developments in the "International Financial Reporting Standards", which increasingly require assets and liabilities to be valued. See also L150153 for overview and questions for respondents.
590 _aKA NTK
651 4 _aInternational
690 _aPROPERTY-PROPERTY APPRAISAL AND VALUATION
856 4 8 _uhttps://www.ivsc.org/files/file/download/id/472
_zView the document free of charge at www.ivsc.org
942 _n0
999 _c110756
_d110756